[Event "LSS SE-2009-0-00035"]
[Site "LSS email"]
[Date "2009.12.25"]
[Round "?"]
[White "Kishkin, Pavel"]
[Black "Ferluga, Sergio"]
[Result "1/2-1/2"]
[WhiteElo "1434"]
[BlackElo "1467"]
[PlyCount "23"]
[EventDate "2009.10.18"]
[EventType "tourn (corr)"]
[EventRounds "6"]
[EventCountry "GER"]
[SourceTitle "Corr 2013"]
[Source "ChessBase"]
[SourceDate "2012.11.12"]
[SourceVersion "1"]
[SourceVersionDate "2012.11.12"]
[SourceQuality "1"]
[WhiteTeam "US of America"]
[BlackTeam "US of America"]
[WhiteTeamCountry "USA"]
[BlackTeamCountry "USA"]

1. d4 Nf6 2. Nf3 c5 3. d5 e6 4. Nc3 d6 5. e4 Be7 6. Bb5+ Bd7 7. dxe6 fxe6 8. e5 dxe5 9. Nxe5 Bxb5 10. Qxd8+ Bxd8 11. Nxb5 0-0 12. 0-0 1/2-1/2

[Event "LSS OP-2009-0-01025"]
[Site "LSS email"]
[Date "2009.12.18"]
[Round "?"]
[White "Kishkin, Pavel"]
[Black "Glanze, Rudolf"]
[Result "1-0"]
[WhiteElo "1411"]
[BlackElo "928"]
[PlyCount "36"]
[EventDate "2009.12.14"]
[EventType "tourn (corr)"]
[EventRounds "4"]
[EventCountry "GER"]
[SourceTitle "Telechess CBM 137"]
[Source "ChessBase"]
[SourceDate "2010.07.15"]
[SourceVersion "1"]
[SourceVersionDate "2010.07.15"]
[SourceQuality "1"]

1. d4 d5 2. Nf3 Nf6 3. c4 c6 4. Nc3 e6 5. cxd5 exd5 6. Bg5 Nbd7 7. e3 Be7 8. Bd3 0-0 9. Qc2 h6 10. Bh4 Re8 11. 0-0 Ne4 12. Bxe7 Qxe7 13. Rfe1 Ndf6 14. Ne5 Nd6 15. Rac1 Ng4 16. Nf3 Nf6 17. Ne5 Ng4 18. f4 Nf6 1-0

[Event "LSS SN-2009-0-00185"]
[Site "LSS email"]
[Date "2009.09.16"]
[Round "?"]
[White "Kishkin, Pavel"]
[Black "Mosatidis, Theodorus"]
[Result "1/2-1/2"]
[WhiteElo "1378"]
[BlackElo "1173"]
[PlyCount "69"]
[EventDate "2009.09.07"]
[EventType "tourn (corr)"]
[EventRounds "6"]
[EventCountry "GER"]
[SourceTitle "Telechess CBM 137"]
[Source "ChessBase"]
[SourceDate "2010.07.15"]
[SourceVersion "1"]
[SourceVersionDate "2010.07.15"]
[SourceQuality "1"]

1. c4 Nf6 2. Nc3 e5 3. g3 Bb4 4. Bg2 0-0 5. e4 Bxc3 6. bxc3 c6 7. d4 d6 8. Ne2 c5 9. d5 Qa5 10. Bg5 Nbd7 11. 0-0 h6 12. Bxf6 Nxf6 13. a4 Rb8 14. Qb3 Nd7 15. Qb5 Qxb5 16. cxb5 Nb6 17. Nc1 a6 18. Nb3 axb5 19. axb5 Bd7 20. Na5 f6 21. c4 f5 22. Rfe1 Kf7 23. Bf1 fxe4 24. Rxe4 g5 25. Re3 Bf5 26. Rf3 Kg7 27. Rfa3 Kf6 28. Nb3 g4 29. Be2 e4 30. Ra7 Rfe8 31. R1a3 Ra8 32. Rxa8 Rxa8 33. Rxa8 Nxa8 34. Na5 Bc8 35. Kf1 1/2-1/2

[Event "LSS SN-2009-0-00185"]
[Site "LSS email"]
[Date "2009.09.16"]
[Round "?"]
[White "Vontina, Maria"]
[Black "Kishkin, Pavel"]
[Result "0-1"]
[WhiteElo "613"]
[BlackElo "800"]
[PlyCount "42"]
[EventDate "2009.09.07"]
[EventType "tourn (corr)"]
[EventRounds "6"]
[EventCountry "GER"]
[SourceTitle "Corr 2011"]
[Source "ChessBase"]
[SourceDate "2010.08.31"]
[SourceVersion "1"]
[SourceVersionDate "2010.08.31"]
[SourceQuality "1"]

1. e4 c6 2. d4 d5 3. exd5 cxd5 4. Nf3 Bf5 5. Be2 Nf6 6. 0-0 e6 7. Bg5 Bd6 8. c3 0-0 9. Nbd2 Nbd7 10. Nb3 h6 11. Bh4 Qc7 12. Bg3 Ne4 13. Bxd6 Nxd6 14. a3 Nc4 15. Qc1 Qb6 16. Bd1 Rfe8 17. Nfd2 e5 18. Nxc4 dxc4 19. Nd2 Bd3 20. Re1 exd4 21. cxd4 Rxe1+ 0-1

[Event "LSS OP-2009-0-00923"]
[Site "LSS email"]
[Date "2009.08.20"]
[Round "?"]
[White "Kishkin, Pavel"]
[Black "Bester, Kazimierz"]
[Result "1-0"]
[WhiteElo "800"]
[BlackElo "726"]
[PlyCount "49"]
[EventDate "2009.08.12"]
[EventType "tourn (corr)"]
[EventRounds "4"]
[EventCountry "GER"]
[SourceTitle "Corr 2011"]
[Source "ChessBase"]
[SourceDate "2010.08.31"]
[SourceVersion "1"]
[SourceVersionDate "2010.08.31"]
[SourceQuality "1"]

1. c4 Nf6 2. Nc3 g6 3. Nf3 Bg7 4. e4 Na6 5. d4 0-0 6. Be2 d6 7. 0-0 Re8 8. a3 e6 9. Rb1 c5 10. Re1 b6 11. d5 e5 12. Bd2 Rb8 13. b4 Nc7 14. bxc5 dxc5 15. Be3 Ng4 16. Bxc5 Bd7 17. Bd6 Rc8 18. h3 Nh6 19. c5 bxc5 20. Qd2 f5 21. Bc4 Kh8 22. Nxe5 Bxe5 23. Bxe5+ Rxe5 24. Qxh6 Ne8 25. Qf8# 1-0

[Event "LSS OP-2009-0-00921"]
[Site "LSS email"]
[Date "2009.08.19"]
[Round "?"]
[White "Kishkin, Pavel"]
[Black "Moreira, Carlos Alberto Lima"]
[Result "1/2-1/2"]
[WhiteElo "1434"]
[BlackElo "1724"]
[PlyCount "82"]
[EventDate "2009.08.09"]
[EventType "tourn (corr)"]
[EventRounds "4"]
[EventCountry "GER"]
[SourceTitle "Corr 2013"]
[Source "ChessBase"]
[SourceDate "2012.11.12"]
[SourceVersion "1"]
[SourceVersionDate "2012.11.12"]
[SourceQuality "1"]

1. c4 c5 2. Nf3 Nf6 3. d4 cxd4 4. Nxd4 e6 5. Nc3 Bb4 6. g3 Ne4 7. Qd3 Qa5 8. Nb3 Qf5 9. Qe3 Nc6 10. Bg2 Nxc3 11. bxc3 Be7 12. 0-0 0-0 13. Qd3 Qxd3 14. exd3 Bf6 15. Bd2 d6 16. d4 Bd7 17. Rab1 b6 18. Bc1 Rfe8 19. Ba3 Be7 20. c5 dxc5 21. dxc5 Rac8 22. Rfd1 Ne5 23. cxb6 Bxa3 24. bxa7 Bc6 25. Nd4 Bxg2 26. Kxg2 Nc4 27. Rb7 Nd6 28. Rb6 Bc5 29. Ra6 Ne4 30. Nb5 Kf8 31. Rd7 Bxf2 32. Kf3 f5 33. Nc7 Bxa7 34. Nxe8 Rxc3+ 35. Ke2 Re3+ 36. Kd1 Nc5 37. Rdxa7 Nxa6 38. Nxg7 Nc5 39. Rc7 Na6 40. Ra7 Nc5 41. Rc7 Na6 1/2-1/2